000 00589nai a2200181Ia 4500
003 IN-BaIIA
008 211028c9999 xx s 000 0 eng d
022 _a1067-1927 (Print)
022 _a1524-475X (Online)
040 _cIIA Library
245 0 _aWound Repair And Regeneration
_h[eJournal]
260 _aNew Jersey
_bJohn Wiley & Sons
310 _aBimonthly
362 _a5(1); 1997 - Present
521 _bSubscribed through National Knowledge Resource Consortium (NKRC)
856 _uhttps://onlinelibrary.wiley.com/journal/1524475x
_yClick Here to Access eJournal
942 _cEJ
999 _c35865
_d35865